[Event "FRA-ch Blitz Online Qual"]
[Site "Europe Echecs INT"]
[Date "2020.05.16"]
[Round "7"]
[White "Laville, Renaud"]
[Black "Sepahpour, Shervine"]
[Result "1/2-1/2"]
[WhiteElo "1774"]
[BlackElo "1398"]
[PlyCount "134"]
[EventDate "2020.05.16"]
[EventType "swiss (blitz)"]
[EventRounds "15"]
[EventCountry "FRA"]
[SourceTitle "CBM 196 Extra"]
[Source "ChessBase"]
[SourceDate "2020.07.31"]
[SourceVersion "1"]
[SourceVersionDate "2020.07.31"]
[SourceQuality "1"]

1. d4 Nf6 2. Bf4 d6 3. e3 g6 4. Nf3 Bg7 5. h3 0-0 6. Be2 Nbd7 7. 0-0 Re8 8. c4 e5 9. dxe5 dxe5 10. Nxe5 Nxe5 11. Qxd8 Rxd8 12. Bxe5 c6 13. Nc3 Bf5 14. Rfd1 Re8 15. Bg3 Rad8 16. Rxd8 Rxd8 17. Rd1 Rxd1+ 18. Bxd1 Ne4 19. Nxe4 Bxe4 20. b3 Bb1 21. a4 Kf8 22. f3 Ke7 23. Kf1 Bd3+ 24. Ke1 Bc3+ 25. Kf2 Ke6 26. Bb8 a6 27. g4 f5 28. f4 b5 29. cxb5 cxb5 30. Ba7 Kd5 31. Bf3+ Ke6 32. axb5 axb5 33. Bc5 b4 34. Bd1 Kd5 35. Bf8 Be4 36. Bf3 Bd2 37. Bg7 Bc3 38. Bf8 Bd2 39. gxf5 gxf5 40. h4 Bc3 41. h5 Bd2 42. Be2 Bc3 43. Bc4+ Kc6 44. Bg8 Bc2 45. Bxh7 Bxb3 46. Bxf5 Bf7 47. Be4+ Kc7 48. h6 b3 49. Bg7 Bxg7 50. hxg7 b2 51. Bb1 Bg8 52. Kf3 Kd6 53. Kg4 Ke6 54. Kg5 Kf7 55. Kh6 Kf6 56. e4 Kf7 57. e5 Ke6 58. Kg5 Kf7 59. Kh6 Ke6 60. Kg5 Kf7 61. f5 Ke7 62. f6+ Kf7 63. Kf4 Ke6 64. Ke3 Kd5 65. Kd2 Kxe5 66. Kc3 Kxf6 67. Kxb2 Kxg7 1/2-1/2

[Event "FRA-ch Blitz Online Qual"]
[Site "Europe Echecs INT"]
[Date "2020.05.16"]
[Round "8"]
[White "Sepahpour, Shervine"]
[Black "Zachary, Bastian"]
[Result "0-1"]
[WhiteElo "1398"]
[BlackElo "1923"]
[PlyCount "64"]
[EventDate "2020.05.16"]
[EventType "swiss (blitz)"]
[EventRounds "15"]
[EventCountry "FRA"]
[SourceTitle "CBM 196 Extra"]
[Source "ChessBase"]
[SourceDate "2020.07.31"]
[SourceVersion "1"]
[SourceVersionDate "2020.07.31"]
[SourceQuality "1"]

1. d4 Nf6 2. c4 e6 3. Nc3 Bb4 4. Nf3 0-0 5. e3 c5 6. Bd2 d6 7. Bd3 Nc6 8. 0-0 b6 9. Re1 Bb7 10. Qc2 h6 11. Rad1 Qc7 12. Nb5 Qb8 13. a3 Bxd2 14. Rxd2 a6 15. Nc3 e5 16. dxc5 dxc5 17. Ne4 Nxe4 18. Bxe4 Qc7 19. Red1 Rad8 20. Bxc6 Rxd2 21. Qxd2 Bxc6 22. Qd6 Qb7 23. Nxe5 Bxg2 24. Qd7 Qa8 25. Rd6 Bh3 26. f3 Bxd7 27. Nxd7 Re8 28. Nxb6 Qb8 29. Nd7 Qxd6 30. Nf6+ Qxf6 31. e4 Qxb2 32. e5 Rd8 0-1